Normal view
MARC view
Entry Topical Term
001 - CONTROL NUMBER
- control field: 43310
003 - CONTROL NUMBER IDENTIFIER
- control field: dpl
005 - DATE AND TIME OF LATEST TRANSACTION
- control field: 20120302111637.0
008 - FIXED-LENGTH DATA ELEMENTS
- fixed length control field: 120302|||a|||||| | ||| d
040 ## - CATALOGING SOURCE
- Original cataloging agency: dpl
- Transcribing agency: dpl
150 ## - HEADING--TOPICAL TERM
- Topical term or geographic name as entry element: Novelists, Urdu
670 ## - SOURCE DATA FOUND
- Source citation: Work cat.: (dpl)39037: Beg,Mirza Farhatullah 43308, Nazir Ahmad :, 2009
670 ## - SOURCE DATA FOUND
- Source citation: Work cat.: (dpl)39037: Beg,Mirza Farhatullah 43308, Nazir Ahmad :, 2009
